Loading...

മാസികാപഠനങ്ങള്‍ /

Bibliographic Details
Main Author: പ്രിയദര്‍ശനന്‍, ജി
Other Authors: Priyadarsanan, G.
Format: Printed Book
Language:English
Published: കോട്ടയം : സാഹിത്യപ്രവര്‍ത്തക സഹകരണസംഘം, 2017.
Subjects:
LEADER 01363nam a22002177a 4500
008 171226b xxu||||| |||| 00| 0 eng d
999 |c 21008  |d 21008 
020 |a 9789386562777 
082 |a 050  |b PRI 
100 |a  പ്രിയദര്‍ശനന്‍, ജി. 
245 |a മാസികാപഠനങ്ങള്‍ /  |c ജി. പ്രിയദര്‍ശനന്‍ 
250 |b reprint. 
260 |a കോട്ടയം :  |b സാഹിത്യപ്രവര്‍ത്തക സഹകരണസംഘം,  |c 2017. 
300 |a 159p. 
650 |a പഠനങ്ങള്‍ - Magazine 
700 |a Priyadarsanan, G. 
942 |2 ddc  |c BK 
952 |0 0  |1 0  |2 ddc  |4 0  |6 050_000000000000000_PRI  |7 0  |9 29147  |a MAIN  |b MAIN  |d 2017-12-26  |e National Book Stall  |g 150.00  |l 3  |o 050 PRI  |p 29225  |r 2020-01-17  |s 2020-01-14  |t 1  |w 2017-12-26  |y BK 
952 |0 0  |1 0  |2 ddc  |4 0  |6 050_000000000000000_PRI  |7 0  |9 29148  |a MAIN  |b MAIN  |d 2017-12-26  |e National Book Stall  |g 150.00  |l 1  |m 1  |o 050 PRI  |p 29226  |r 2018-08-03  |s 2018-06-22  |t 2  |w 2017-12-26  |y BK 
952 |0 0  |1 0  |2 ddc  |4 0  |6 050_000000000000000_PRI  |7 0  |9 29565  |a MAIN  |b MAIN  |d 2018-01-23  |e Progress Publications  |g 150.00  |l 3  |o 050 PRI  |p 29626  |r 2018-08-03  |s 2018-06-28  |t 3  |w 2018-01-23  |y BK 
952 |0 0  |1 0  |2 ddc  |4 0  |6 050_000000000000000_PRI  |7 0  |9 29649  |a MAIN  |b MAIN  |d 2018-01-29  |e Progress publications  |g 150.00  |l 1  |o 050 PRI  |p 29664  |r 2018-08-06  |s 2018-07-13  |t 4  |w 2018-01-29  |y BK